Statystyki dla NAJPOPULARNIEJSZE SMAKI JOGURTÓW:

Kliknij tutaj aby rozwiązać quiz!

Ogólne statystyki

  • Ten quiz został rozwiązany 113 razy
    (49 od ostatniego zresetowania)
  • Średni wynik to 3 z 6

Statystyki odpowiedzi

Odpowiedź% Poprawnych
TRUSKAWKA
67%
WANILIOWY
48%
BRZOSKWINIA
45%
MALINOWY
45%
NATURALNY
26%
OWOCE LEŚNE
26%

Rozkład punktacji

Percentyl według liczby udzielonych odpowiedzi

Procent ludzi z każdym wynikiem

Twoja historia wyników

Nie rozwiązałeś tego quizu od ostatniego zresetowania